Minecraft - Weaknesses - Statistics

General Stats
  • This quiz has been taken 18 times
  • The average score is 5 of 8
Answer Stats
Mob Weakness % Correct
Enderman Water
100%
Creeper Cat
94%
Parrot Cookie
76%
Blaze Snowball
71%
Sheep Wolf
71%
Zombie Daylight
53%
Wolf Creeper
35%
Hoglin Warped fungus
35%
No matching quizzes found
Score Distribution
Percent of People with Each Score
Percentile by Number Answered
Your Score History
You have not taken this quiz